00711nam a2200157Ia 4500008004100000100002500041245012300066245012400189260005300313260000900366300001000375650001500385856006100400999001900461952007300480170221s9999 xx 000 0 und d aAleksandr A. Novikov 4aThe Leveling of Environmental Polarization as a Part of Strategy of Perspective Innovation Policy of Economic Systems  cAleksandr A. Novikov, Elena V. Novikova, Elena V. Moiseyeva, Larisa E. Fatikhova, Olga V. Ruzakova, Lenar R. Khairullin bInternational Review of Management and Marketing c2016 a6 : 2 xMarketing. uhttp://www.econjournals.com/index.php/irmm/issue/view/72 c308552d308552 001040aCLbCLd2017-02-21l0r2017-02-21 00:00:00w2017-02-21yFOJ